Allemand Kapitel 3.1 - Statistiques

Statistiques générales
  • Ce quiz a été pris 38 fois
  • Le résultat moyen est 18 sur 33
Statistiques - réponses
Français Allemand % Correct
le genou Das Knie
88%
la bouche Der Mund
88%
les genoux Die Knie
88%
le coeur Das Herz
75%
le dos Der Rücken
75%
les coeurs Die Herzen
75%
les bouches Die Munder
75%
les dos Die Rücken
75%
éveillé(e) wach
75%
respirer atmen
63%
la fièvre Das Fieber
63%
le ventre Der Bauch
63%
le rendez-vous Der Termin
63%
les ventres Die Bäuche
63%
l'épaule Die Schulter
63%
les épaules Die Schultern
63%
les rendez-vous Die Termine
63%
s'endormir einschlafen
63%
se sentir bien sich wohlfühlen
63%
se réveiller aufwachen
50%
la douleur Der Schmerz
50%
la peau Die Haut
50%
les douleurs Die Schmerzen
50%
le refroidissement Die Erkältung
38%
les refroidissements Die Erkältungen
38%
le comprimé Die Tablette
38%
les comprimés Die Tabletten
38%
(se) maquiller (sich) schminken
38%
la toux Der Husten
25%
le ruhme Der Schnupfen
25%
tousser husten
25%
se reposer sich ausruhen
25%
se remettre, se reposer sich erholen
13%
Aucun quiz correspondant
Distribution des résultats
% des personnes avec chaque résultat
Percentile par nombre de réponses
Votre historique - résultats
Vous n’avez pas pris ce quiz